Statistics for E4a

Click here to take the quiz!

General Stats

  • This quiz has been taken 25 times
  • The average score is 27 of 31

Answer Stats

Answer% Correct
Mert
100%
Lauren
100%
Louise
100%
Noa
100%
Guyonne
100%
Daan
100%
Lotte
100%
Robin
100%
Lieke
100%
Daniël
100%
Niels
100%
Merel
100%
Nyncke
86%
Davis
86%
Maureen
86%
Derek
86%
Stijn
86%
Ciaran
86%
Janneke
86%
Christien
86%
David
86%
Mervin
86%
Colin
86%
Youri
71%
Brian
71%
Jorick
71%
Tuana
71%
Leonie
71%
Hannah
71%
Frederik
57%
Thomas
57%

Score Distribution

Percentile by Number Answered

Percent of People with Each Score

Your Score History

You have not taken this quiz